[Event "55th Biel Master Open"]
[Site "Biel SUI"]
[Date "2022.07.22"]
[Round "9.33"]
[White "Nideroest, Bruno"]
[Black "Ludwig, Peter"]
[Result "*"]
[WhiteElo "2258"]
[BlackElo "2163"]
[WhiteFideId "1303520"]
[BlackFideId "4651359"]
[EventDate "2022.07.13"]

1. e4 e6 2. d4 d5 3. Nc3 Bb4 4. e5 Ne7 5. a3 Bxc3+ 6. bxc3 c5 7. h4 Qc7 8. Rb1
Bd7 9. h5 Nbc6 10. h6 gxh6 11. Nf3 O-O-O 12. Bxh6 cxd4 13. cxd4 Nf5 14. c3 Nxh6
15. Rxh6 Rdg8 16. g3 Rg6 17. Rh5 f6 18. Bd3 f5 19. Nh4 Rg7 20. Ng2 Ne7 21. Qb3
Ng6 22. Kd2 Rf8 23. Ke3 Be8 24. Rh2 Qf7 25. Ke2 f4 26. Bxg6 f3+ 27. Kd2 Qxg6 28.
Ne3 Qg5 29. Qb4 Rff7 30. Rbh1 Qd8 31. Rh6 Qd7 32. R6h4 b6 33. Ng4 Kb7 34. Nf6 a5
35. Nxd7 axb4 36. Nf6 bxc3+ 37. Ke3 Re7 38. Nxe8 Rxe8 39. Rxh7 Rxh7 40. Rxh7+
Kb8 41. Rh1 c2 42. Rc1 Rc8 43. Kd3 Rc4 44. Rxc2 Ra4 45. Rc3 Kb7 46. Ke3 b5 47.
Rd3 Kc6 48. Kxf3 b4 49. axb4 Rxb4 50. Kf4 Kd7 51. Kg5 Ke7 52. f4 Kf7 53. g4 Ra4
54. f5 exf5 55. gxf5 Ra1 56. Rg3 Rd1 57. Rg4 Rf1 58. Rg3 Rd1 59. e6+ Ke7 60. Rg4
Rf1 61. Rh4 Rg1+ 62. Kf4 Re1 63. Rh7+ Kd6 64. Rd7+ Kc6 65. Kg5 Re4 66. Kf6 Rxd4
67. Ke7 Rh4 68. f6 Rh6 69. f7 Rh7 70. Ke8 *

[Event "55th Biel Master Open"]
[Site "Biel SUI"]
[Date "2022.07.22"]
[Round "9.34"]
[White "Jaksland, Tim"]
[Black "Dauth, Benjamin"]
[Result "1/2-1/2"]
[WhiteTitle "FM"]
[BlackTitle "FM"]
[WhiteElo "2149"]
[BlackElo "2243"]
[WhiteFideId "1401084"]
[BlackFideId "4688104"]
[EventDate "2022.07.13"]

1. e4 e5 2. Nf3 Nc6 3. Bc4 Nf6 4. d3 Be7 5. O-O O-O 6. Re1 d6 7. a3 Nd7 8. c3
Nb6 9. Bb3 Kh8 10. a4 f5 11. a5 fxe4 12. dxe4 Nd7 13. Be3 Qe8 14. Nbd2 Nf6 15.
h3 Nh5 16. Bc4 Nd8 17. Bf1 Ne6 18. Kh2 Bd7 19. g3 Bc6 20. Bg2 h6 21. Kg1 Qg6 22.
Nh2 Nf6 23. Ng4 Nh7 24. Nh2 Bd7 25. h4 Bc6 26. Qg4 Qf7 27. Qe2 Qg6 28. Qg4 Qf7 1/2-1/2

[Event "55th Biel Master Open"]
[Site "Biel SUI"]
[Date "2022.07.22"]
[Round "9.35"]
[White "Sadeghi, Hassan Roger"]
[Black "Kittler, Thorsten"]
[Result "1/2-1/2"]
[BlackTitle "FM"]
[WhiteElo "2068"]
[BlackElo "2226"]
[WhiteFideId "1304712"]
[BlackFideId "4607660"]
[EventDate "2022.07.13"]

1. e4 c5 2. Nc3 d6 3. Nge2 a6 4. a4 Nf6 5. g3 g6 6. Bg2 Bg7 7. d3 O-O 8. Bg5 h6
9. Be3 Nc6 10. h3 Rb8 11. Qd2 Kh7 12. f4 Bd7 13. g4 Rh8 14. O-O Rf8 15. Qe1 Ng8
16. Nd1 Nd4 17. Qd2 e6 18. Nc1 f5 19. c3 Nc6 20. d4 cxd4 21. cxd4 fxg4 22. hxg4
e5 23. dxe5 dxe5 24. f5 1/2-1/2

[Event "55th Biel Master Open"]
[Site "Biel SUI"]
[Date "2022.07.22"]
[Round "9.36"]
[White "Kamber, Bruno"]
[Black "Foerster-Yialamas, Lucas"]
[Result "1/2-1/2"]
[WhiteTitle "FM"]
[BlackTitle "CM"]
[WhiteElo "2225"]
[BlackElo "2147"]
[WhiteFideId "1300504"]
[BlackFideId "30901774"]
[EventDate "2022.07.13"]

1. e4 e5 2. Nf3 Nf6 3. d4 Nxe4 4. Bd3 d5 5. Nxe5 Nd7 6. Nxd7 Bxd7 7. Qe2 Qe7 8.
Nd2 Nxd2 9. Qxe7+ Bxe7 10. Bxd2 Bf6 11. c3 O-O 12. O-O-O a5 13. h4 b5 14. Bg5
Bxg5+ 15. hxg5 g6 16. Rde1 Rfe8 17. Kd2 c6 18. Rxe8+ Rxe8 19. a4 bxa4 20. Ra1
Rb8 21. Kc1 c5 22. dxc5 Rc8 23. Bc2 Rxc5 24. Bxa4 Bxa4 25. Rxa4 d4 26. Rxd4 Rxg5
27. g3 Rf5 28. f4 g5 29. fxg5 Rxg5 30. g4 Kg7 31. b4 axb4 32. cxb4 f5 33. gxf5
Rxf5 34. Kc2 Kg6 35. Kd3 h5 36. Kc4 Kg5 37. b5 h4 38. b6 Rf8 39. Kb5 h3 40. Rd2
Kg4 41. b7 Kg3 42. Rd7 h2 43. Rg7+ Kf2 44. Rh7 Kg1 1/2-1/2

[Event "55th Biel Master Open"]
[Site "Biel SUI"]
[Date "2022.07.22"]
[Round "9.37"]
[White "Collin, Moritz Valentin"]
[Black "Gomez Barrera, Javiera Belen"]
[Result "0-1"]
[BlackTitle "WIM"]
[WhiteElo "2129"]
[BlackElo "2210"]
[WhiteFideId "1342932"]
[BlackFideId "3418723"]
[EventDate "2022.07.13"]

1. d4 Nf6 2. c4 g6 3. h4 Bg7 4. Nc3 Nc6 5. Nf3 d6 6. d5 Nb8 7. e4 e6 8. Be2 O-O
9. O-O exd5 10. exd5 Re8 11. Re1 Na6 12. Be3 Nc5 13. Bxc5 dxc5 14. Nd2 Bf5 15.
Bf3 Rxe1+ 16. Qxe1 Ng4 17. g3 Qd7 18. Nde4 Re8 19. Qd2 Ne5 20. Qf4 Nxf3+ 21.
Qxf3 Qe7 22. Nd2 b6 23. a4 h5 24. a5 bxa5 25. Nb3 Rb8 26. Nxa5 Rxb2 27. Nc6 Qe8
28. Rc1 Rb3 29. Kh2 a6 30. Na5 Ra3 31. Nb7 Qe5 32. Nxc5 Rxc3 33. Rxc3 Qxc3 34.
Qe2 Qe5 35. Qa2 Qe1 0-1

[Event "55th Biel Master Open"]
[Site "Biel SUI"]
[Date "2022.07.22"]
[Round "9.38"]
[White "Vasquez Toledo, Cristian"]
[Black "Louis, Thibault"]
[Result "1-0"]
[BlackTitle "FM"]
[WhiteElo "2206"]
[BlackElo "2140"]
[WhiteFideId "3413454"]
[BlackFideId "681369"]
[EventDate "2022.07.13"]

1. e4 e5 2. Nf3 Nc6 3. Bc4 Nf6 4. d3 h6 5. c3 d6 6. a4 g6 7. a5 Bg7 8. O-O O-O
9. Re1 Qe7 10. Nbd2 Nd8 11. d4 Nh5 12. Nf1 Ne6 13. Ne3 c6 14. g3 Ng5 15. Nxg5
hxg5 16. dxe5 dxe5 17. Qe2 Be6 18. Bxe6 Qxe6 19. Qc4 Qh3 20. a6 b6 21. Qxc6 Nf6
22. Qc4 g4 23. Qe2 Nxe4 24. Qxg4 Qxg4 25. Nxg4 f5 26. Ne3 Nc5 27. Nd5 Rfd8 28.
Rd1 Kf7 29. Bg5 Rd7 30. Nb4 Ke6 31. Rxd7 Nxd7 32. Rd1 Rc8 33. Kf1 Bf8 34. Nd3
Bd6 35. Re1 Kd5 36. Rd1 Ke6 37. Re1 Kd5 38. Rd1 Ke6 39. Ke2 Rc4 40. Ra1 Kd5 41.
Kd2 Nc5 42. Nxc5 Bxc5 43. f3 Kc6 44. Bf6 Bd6 45. Kd3 b5 46. b3 Rc5 47. g4 Kd5
48. gxf5 gxf5 49. h4 e4+ 50. fxe4+ fxe4+ 51. Kc2 Be5 52. Rd1+ Kc6 53. Bxe5 Rxe5
54. Rh1 e3 55. Kd1 Rc5 56. h5 Rxc3 57. h6 Rd3+ 58. Ke2 Rd8 59. h7 Rh8 60. b4 Kd5
61. Kd3 e2 62. Rh5+ Ke6 63. Kxe2 Kf6 64. Kd3 Kg7 65. Rxb5 Rd8+ 66. Kc4 Kh8 67.
Rc5 Ra8 68. b5 Rd8 69. Rc6 Ra8 70. Kc5 Rb8 71. b6 axb6+ 72. Kb5 Re8 73. a7 Ra8
74. Kxb6 1-0